Statistics for Signature Takedowns in Burnout Revenge

Click here to take the quiz!

General Stats

  • This quiz has been taken 7 times
  • The average score is 8 of 24

Answer Stats

Signature Takedown% Correct
Strike
100%
Alley Ooops
50%
Bridge Out
50%
Catch of the Day
50%
Crane in the Neck
50%
Depot-Lition
50%
De-Railed
50%
Destruction Site
50%
Enter the Dragon
50%
Hair-Pinned
50%
Pillar of Strength
50%
Stairs in Their Eyes
50%
Sunk and Disorderly
50%
Trailer Crash
50%
Arch Enemies
0%
Cliffhanger
0%
Elevated Action
0%
Lumber Party
0%
Rock the Clock
0%
Serial Pillar
0%
Takeout Takedown
0%
Takin' Out The Trash
0%
Terminated
0%
Tramapoline
0%

Score Distribution

Percentile by Number Answered

Percent of People with Each Score

Your Score History

You have not taken this quiz